|
|
|
|
| LEADER |
00000cam a2200000 a 4500 |
| 001 |
vtls001291790 |
| 003 |
SK-MaSNL |
| 005 |
20260302032726.0 |
| 008 |
240226s1996 xo ra 000 f slo |
| 015 |
|
|
|a SNBA1997/1002915
|
| 020 |
|
|
|a 8085352834
|
| 035 |
|
|
|a SNK000243474
|
| 035 |
|
|
|a urn:nbn:sk:snk-amkgh8
|
| 035 |
|
|
|a urn:nbn:sk:snk-am008fuy
|
| 035 |
|
|
|a 2FD2FADA-1B98-4E8B-934A-666177C226C6
|
| 040 |
|
|
|a SNK
|b slo
|a SNK
|e AACR2
|c SNK
|
| 041 |
1 |
|
|a slo
|h eng
|
| 044 |
|
|
|a xo
|c SK
|
| 072 |
|
7 |
|a 821.111-3
|x Anglická próza, anglicky písaná
|2 konspekt
|
| 080 |
|
|
|a 821.111-31
|2 2001
|
| 100 |
1 |
|
|a Adler, Elizabeth,
|d 1950-
|4 aut
|9 214787
|
| 240 |
1 |
0 |
|a Legacy of secrets
|l Slovensky
|
| 245 |
1 |
0 |
|a Zdedené tajomstvo
|c Elizabeth Adler ; [z anglického originálu Legacy of secrets ... preložila Dáša Zvončeková]
|
| 260 |
|
|
|a Bratislava
|b Remedium
|c 1996
|
| 300 |
|
|
|a 448 s.
|c 21 cm
|
| 650 |
0 |
7 |
|a literatúra anglická
|x romány spoločenské
|x romány ľúbostné
|2 SNK
|9 682065
|
| 655 |
|
7 |
|a anglické romány
|2 SNKPH
|9 70428
|
| 655 |
|
7 |
|a English fiction
|2 SNKPHeng
|9 109944
|
| 700 |
1 |
|
|a Zvončeková, Dáša,
|d 1953-2024
|4 trl
|9 103285
|
| 919 |
|
|
|a 80-85352-83-4
|
| 954 |
|
|
|a beletria cudzojazyčná (svetová)
|2 lita
|
| 958 |
|
|
|a OND
|
| 958 |
|
|
|a US
|
| 958 |
|
|
|a LX
|
| 958 |
|
|
|a NS
|
| 958 |
|
|
|a UP
|
| 968 |
|
|
|b ENG
|
| 999 |
|
|
|c 1058069
|d 1059999
|
| 952 |
|
|
|t P60, <09>, [BOOK], {629}
|a SNK
|b SNK
|y NEVYP
|7 0
|o snkC 1548
|i snk3023/970626
|0 0
|1 0
|4 0
|d 1997-06-25
|l 0
|r 2005-01-02 00:00:00
|w 2026-02-24
|
| 952 |
|
|
|t P60, <03>, [BOOK], {603}
|a SNK
|b SNK
|y PREZ
|7 0
|p 17A0072379
|o snkSC 93468
|i snkKSP 6623/97
|0 0
|1 0
|4 0
|d 1997-06-25
|f 1
|l 0
|r 2025-09-11 00:00:00
|w 2026-02-24
|
| 952 |
|
|
|t P60, <04>, [BOOK], {605}
|a SNK
|b SNK
|y VYP
|7 0
|p 17A0072378
|o snkSC 93468 D1
|i snkKSP 6624/97
|0 0
|1 0
|4 0
|d 1997-06-25
|l 0
|r 2005-01-02 00:00:00
|w 2026-02-24
|